Chu dịch
Tác giả giải trình những quẻ trong Kinh Dịch. Xuất bản lần này có 2 tập
Сохранить в:
| Главный автор: | |
|---|---|
| Формат: | |
| Язык: | Undetermined |
| Опубликовано: |
Sài Gòn
Khai Trí
1969
|
| Предметы: | |
| Метки: |
Добавить метку
Нет меток, Требуется 1-ая метка записи!
|
| Thư viện lưu trữ: | Trung tâm Học liệu Trường Đại học Cần Thơ |
|---|
| LEADER | 00562nam a2200181Ia 4500 | ||
|---|---|---|---|
| 001 | CTU_5255 | ||
| 008 | 210402s9999 xx 000 0 und d | ||
| 082 | |a 181.11 | ||
| 082 | |b Ch125/ | ||
| 100 | |a Phan Bội Châu | ||
| 245 | 0 | |a Chu dịch | |
| 245 | 0 | |c Phan Bội Châu | |
| 260 | |a Sài Gòn | ||
| 260 | |b Khai Trí | ||
| 260 | |c 1969 | ||
| 520 | |a Tác giả giải trình những quẻ trong Kinh Dịch. Xuất bản lần này có 2 tập | ||
| 650 | |a philosophy, chinese | ||
| 980 | |a Trung tâm Học liệu Trường Đại học Cần Thơ | ||